[Event "CZE-chT2C 2223"]
[Site "Czech Republic"]
[Date "2022.10.16"]
[Round "1.2"]
[White "Bores, Miroslav"]
[Black "Jordanov, Mihail"]
[Result "0-1"]
[WhiteElo "2104"]
[BlackElo "2121"]
[PlyCount "70"]
[EventDate "2022.10.16"]
[EventType "team-tourn"]
[EventRounds "11"]
[EventCountry "CZE"]
[SourceTitle "EXT 2024"]
[Source "ChessBase"]
[SourceDate "2023.10.10"]
[SourceVersion "1"]
[SourceVersionDate "2023.10.10"]
[SourceQuality "1"]
[WhiteTeam "Ceska Lipa"]
[BlackTeam "Bakov nad Jizerou"]
[WhiteTeamCountry "CZE"]
[BlackTeamCountry "CZE"]

1. d4 d5 2. Nf3 Nf6 3. Bf4 c5 4. e3 Nc6 5. Bb5 Qa5+ 6. Nc3 Ne4 7. dxc5 Nxc3 8. Bxc6+ bxc6 9. Qd2 f6 10. bxc3 e5 11. Bg3 Ba6 12. h4 Bxc5 13. a4 0-0 14. h5 Rab8 15. Nxe5 fxe5 16. Bxe5 Rbe8 17. Bd4 Bxd4 18. Qxd4 Re4 19. Qd2 Rxa4 20. Rc1 Ra1 21. f3 Rxc1+ 22. Qxc1 Qxc3+ 23. Kf2 d4 24. exd4 Qxd4+ 25. Qe3 Qxe3+ 26. Kxe3 Bb5 27. h6 Re8+ 28. Kd4 Rd8+ 29. Kc3 g5 30. Ra1 a6 31. Re1 Kf7 32. Re4 a5 33. g3 Re8 34. Rg4 Re5 35. f4 Be2 0-1

[Event "CZE-chT2B 1920"]
[Site "Czech Republic"]
[Date "2019.11.03"]
[Round "2.4"]
[White "Erban, Dusan"]
[Black "Bores, Miroslav"]
[Result "1/2-1/2"]
[WhiteElo "2022"]
[BlackElo "2126"]
[PlyCount "88"]
[EventDate "2019.10.13"]
[EventType "team-tourn"]
[EventRounds "11"]
[EventCountry "CZE"]
[SourceTitle "EXT 2024"]
[Source "ChessBase"]
[SourceDate "2023.10.10"]
[SourceVersion "1"]
[SourceVersionDate "2023.10.10"]
[SourceQuality "1"]
[WhiteTeam "Usti nad Labem"]
[BlackTeam "Decin"]
[WhiteTeamCountry "CZE"]
[BlackTeamCountry "CZE"]

1. e4 c5 2. c3 Nf6 3. e5 Nd5 4. d4 e6 5. Nf3 cxd4 6. cxd4 Nc6 7. Nc3 d6 8. exd6 Bxd6 9. Be2 0-0 10. 0-0 Nce7 11. a3 Bd7 12. Ne4 Bf4 13. g3 Bc7 14. Bd2 Rc8 15. Rc1 Nf5 16. Nc5 Bc6 17. b4 a6 18. Nxa6 Bd6 19. Nc5 Nf6 20. Bc3 b6 21. Nd3 Ra8 22. Bb2 Ba4 23. Qe1 Nd5 24. Nde5 f6 25. Nc4 Re8 26. Bd3 Bc6 27. Ncd2 Qd7 28. Qe2 Re7 29. Rfe1 Kf8 30. Nc4 Bc7 31. Ncd2 Rae8 32. Bc4 b5 33. Bd3 Bb6 34. Nb3 Nc7 35. Nc5 Qd6 36. Be4 Bd5 37. Bxd5 exd5 38. Qd2 Ne6 39. Qd3 g6 40. Kf1 Nc7 41. Rxe7 Rxe7 42. Bc3 Qc6 43. Bd2 Qe8 44. Re1 Rxe1+ 1/2-1/2

[Event "CZE-chT2B 1819"]
[Site "Czech Republic"]
[Date "2019.03.17"]
[Round "10.6"]
[White "Bores, Miroslav"]
[Black "Satransky, Jaroslav"]
[Result "1-0"]
[WhiteElo "2187"]
[BlackElo "2200"]
[PlyCount "63"]
[EventDate "2018.10.14"]
[EventType "team-tourn"]
[EventRounds "11"]
[EventCountry "CZE"]
[SourceTitle "EXT 2022"]
[Source "ChessBase"]
[SourceDate "2021.10.06"]
[SourceVersion "1"]
[SourceVersionDate "2021.10.06"]
[SourceQuality "1"]
[WhiteTeam "Decin"]
[BlackTeam "Kladno"]
[WhiteTeamCountry "CZE"]
[BlackTeamCountry "CZE"]

1. Nf3 d6 2. d4 g6 3. g3 Bg7 4. Bg2 Nc6 5. 0-0 Nf6 6. d5 Nb8 7. Nd4 Bd7 8. c4 c5 9. Nc2 Na6 10. Nc3 0-0 11. Bd2 Nc7 12. a4 b6 13. Qc1 Re8 14. h3 a6 15. Bh6 Bh8 16. Kh2 b5 17. Ne3 Rb8 18. a5 bxc4 19. Nxc4 Bb5 20. Ne3 Bd7 21. f4 Nb5 22. Nxb5 Rxb5 23. Nc4 Bf5 24. Ra4 Be4 25. Bxe4 Nxe4 26. f5 Nf6 27. fxg6 hxg6 28. Qf4 e5 29. Qh4 Nxd5 30. Bg5 Qd7 31. Nb6 Nxb6 32. Qxh8+ 1-0

[Event "CZE-chT2B 1819"]
[Site "Czech Republic"]
[Date "2018.11.04"]
[Round "2.5"]
[White "Bores, Miroslav"]
[Black "Kovar, Jan1111"]
[Result "1-0"]
[WhiteElo "2187"]
[BlackElo "2031"]
[PlyCount "75"]
[EventDate "2018.10.14"]
[EventType "team-tourn"]
[EventRounds "11"]
[EventCountry "CZE"]
[SourceTitle "EXT 2022"]
[Source "ChessBase"]
[SourceDate "2021.10.06"]
[SourceVersion "1"]
[SourceVersionDate "2021.10.06"]
[SourceQuality "1"]
[WhiteTeam "Decin"]
[BlackTeam "Udlice"]
[WhiteTeamCountry "CZE"]
[BlackTeamCountry "CZE"]

1. Nf3 d5 2. b3 Nf6 3. Bb2 Bf5 4. c4 c6 5. d3 e6 6. h3 h6 7. g4 Bg6 8. Bg2 dxc4 9. bxc4 Qb6 10. Bd4 Bc5 11. Bxc5 Qxc5 12. Nbd2 e5 13. Nh4 Bh7 14. Rb1 g5 15. Nf5 Bxf5 16. gxf5 b6 17. h4 gxh4 18. Rxh4 Rg8 19. Kf1 Nbd7 20. Qa4 Rc8 21. Qxa7 Qf8 22. Bxc6 Qg7 23. Nf3 Rxc6 24. Qa8+ Rc8 25. Qxc8+ Ke7 26. Qb7 Qg2+ 27. Ke1 Ng4 28. Rxg4 Qxg4 29. Qxd7+ Kxd7 30. Nxe5+ Ke7 31. Nxg4 Rxg4 32. Kd2 Rf4 33. Ke3 Rxf5 34. Rh1 h5 35. f4 Ra5 36. Kf3 Kd6 37. e4 f6 38. Ke3 1-0

[Event "CZE-chT2B 1819"]
[Site "Czech Republic"]
[Date "2018.10.14"]
[Round "1.4"]
[White "Bores, Miroslav"]
[Black "Reitingerova, Iveta"]
[Result "0-1"]
[WhiteElo "2187"]
[BlackElo "2052"]
[PlyCount "60"]
[EventDate "2018.10.14"]
[EventType "team-tourn"]
[EventRounds "11"]
[EventCountry "CZE"]
[SourceTitle "EXT 2022"]
[Source "ChessBase"]
[SourceDate "2021.10.06"]
[SourceVersion "1"]
[SourceVersionDate "2021.10.06"]
[SourceQuality "1"]
[WhiteTeam "Decin"]
[BlackTeam "Louny Union"]
[WhiteTeamCountry "CZE"]
[BlackTeamCountry "CZE"]

1. c4 e5 2. Nc3 Nf6 3. e3 d5 4. cxd5 Nxd5 5. d4 Bb4 6. Nge2 Nc6 7. a3 exd4 8. exd4 Ba5 9. Qd3 0-0 10. Bd2 Re8 11. 0-0-0 a6 12. h4 b5 13. Qf3 Be6 14. Ne4 Bb6 15. Ng5 Nxd4 16. Nxd4 Bxd4 17. Qd3 Nf6 18. Ba5 Be5 19. Qc2 Qc8 20. Bd3 h6 21. Nxe6 Qxe6 22. g3 c5 23. Kb1 Bd4 24. Rhe1 Qd5 25. Rg1 Qf3 26. Rdf1 c4 27. Bxc4 bxc4 28. Qxc4 Bxb2 29. g4 Rab8 30. Bc7 Rb7 0-1

[Event "CZE-chT2B 1718"]
[Site "Czech Republic"]
[Date "2018.02.11"]
[Round "8.4"]
[White "Vitak, Jiri"]
[Black "Bores, Miroslav"]
[Result "1/2-1/2"]
[WhiteElo "2071"]
[BlackElo "2175"]
[PlyCount "99"]
[EventDate "2017.10.15"]
[EventType "team-tourn"]
[EventRounds "11"]
[EventCountry "CZE"]
[SourceTitle "EXT 2022"]
[Source "ChessBase"]
[SourceDate "2021.10.06"]
[SourceVersion "1"]
[SourceVersionDate "2021.10.06"]
[SourceQuality "1"]
[WhiteTeam "Litomerice"]
[BlackTeam "Decin"]
[WhiteTeamCountry "CZE"]
[BlackTeamCountry "CZE"]

1. d4 Nf6 2. Bf4 d6 3. Nc3 c6 4. e4 g6 5. Qd2 Bg7 6. f3 h5 7. Bc4 b5 8. Bb3 b4 9. Na4 Na6 10. 0-0-0 Be6 11. Nh3 Bxb3 12. cxb3 Qa5 13. Kb1 Nd7 14. e5 dxe5 15. dxe5 Nxe5 16. Bxe5 Bxe5 17. Qd7+ Kf8 18. Qxc6 Nc7 19. Rhe1 Kg7 20. Nc5 Bd6 21. Nb7 Qf5+ 22. Qe4 Qxe4+ 23. Rxe4 Bxh2 24. Rxe7 Rhe8 25. Red7 Re2 26. Ng5 Rxg2 27. Nxf7 Kf6 28. Nc5 g5 29. Nd6 Ne8 30. Nde4+ Kg6 31. Re7 Rg1 32. Rxg1 Bxg1 33. Nd3 h4 34. Re6+ Kh5 35. Re5 Be3 36. f4 Kg4 37. fxg5 Kf3 38. Kc2 h3 39. Nd2+ Bxd2 40. Kxd2 Rd8 41. Re3+ Kg4 42. Ke2 h2 43. Nf2+ Kxg5 44. Rh3 Rd5 45. a3 bxa3 46. bxa3 Nd6 47. Rxh2 a5 48. Nd3 Rb5 49. b4 axb4 50. axb4 1/2-1/2

[Event "CZE-chT2B 1617"]
[Site "Czech Republic"]
[Date "2016.10.09"]
[Round "1.6"]
[White "Bores, Miroslav"]
[Black "Lamser, Jan"]
[Result "0-1"]
[WhiteElo "2178"]
[BlackElo "2127"]
[PlyCount "64"]
[EventDate "2016.10.09"]
[EventType "team-tourn"]
[EventRounds "11"]
[EventCountry "CZE"]
[SourceTitle "EXT 2022"]
[Source "ChessBase"]
[SourceDate "2021.10.06"]
[SourceVersion "1"]
[SourceVersionDate "2021.10.06"]
[SourceQuality "1"]
[WhiteTeam "Decin"]
[BlackTeam "Bartos Unichess II"]
[WhiteTeamCountry "CZE"]
[BlackTeamCountry "CZE"]

1. c4 c5 2. Nc3 Nc6 3. g3 Nf6 4. Bg2 e6 5. e4 d6 6. d3 g6 7. Nge2 Bg7 8. 0-0 0-0 9. h3 a6 10. a3 Rb8 11. Rb1 b5 12. cxb5 axb5 13. b4 cxb4 14. axb4 e5 15. f4 Nd4 16. Be3 Nxe2+ 17. Qxe2 exf4 18. gxf4 Nh5 19. Rfc1 f5 20. Nd5 Be6 21. exf5 Rxf5 22. Ba7 Bxd5 23. Bxd5+ Kh8 24. Bxb8 Nxf4 25. Qe4 Nxh3+ 26. Kh2 Nf2 27. Bc7 Qg5 28. Bxd6 Nxe4 29. Bxe4 Qh4+ 30. Kg2 Qg4+ 31. Kh1 Rh5+ 32. Bh2 Be5 0-1

[Event "CZE-chT2B 1011"]
[Site "Czech Republic"]
[Date "2010.10.17"]
[Round "1.2"]
[White "Zimmermann, Rene"]
[Black "Bores, Miroslav"]
[Result "1/2-1/2"]
[WhiteElo "2113"]
[BlackElo "2225"]
[PlyCount "136"]
[EventDate "2010.10.17"]
[EventType "team-tourn"]
[EventRounds "11"]
[EventCountry "CZE"]
[SourceTitle "EXT 2012"]
[Source "ChessBase"]
[SourceDate "2011.11.24"]
[SourceVersion "1"]
[SourceVersionDate "2011.11.24"]
[SourceQuality "1"]
[WhiteTeam "Lipa"]
[BlackTeam "Novoborsky III"]
[WhiteTeamCountry "CZE"]
[BlackTeamCountry "CZE"]

1. d4 Nf6 2. c4 e6 3. Nc3 Bb4 4. e3 b6 5. Nge2 Bb7 6. a3 Be7 7. Qc2 d6 8. Ng3 h5 9. e4 h4 10. Nge2 c5 11. f3 Nc6 12. Be3 e5 13. dxe5 Nxe5 14. h3 0-0 15. Nf4 a6 16. Be2 Rb8 17. a4 Bc6 18. Nfd5 Bxd5 19. exd5 Re8 20. 0-0 Nfd7 21. f4 Ng6 22. Bd3 Bf6 23. Ne4 b5 24. cxb5 Nb6 25. Rae1 Nxd5 26. Bd2 Bd4+ 27. Kh1 axb5 28. Bxb5 Re7 29. Ng5 Rxe1 30. Rxe1 Qf6 31. Rf1 Be3 32. Bc4 Bxf4 33. Bxf4 Ndxf4 34. Bxf7+ Kh8 35. Bxg6 Qxg5 36. Qd2 Rb4 37. Bb1 Qf6 38. Qe3 Qe5 39. Qf3 g6 40. Qg4 Kg7 41. a5 Rxb2 42. a6 Qe3 43. a7 Rxg2 44. Qxg2 Nxg2 45. a8Q Qxh3+ 46. Kg1 Nf4 47. Qb7+ Kh6 48. Rxf4 Qe3+ 49. Rf2 Qe1+ 50. Rf1 Qe3+ 51. Rf2 Qe1+ 52. Kg2 h3+ 53. Kg3 Qg1+ 54. Kxh3 Qxf2 55. Qe4 Qf6 56. Bd3 Qg5 57. Qe8 Qf6 58. Qe4 Qf5+ 59. Qxf5 gxf5 60. Bxf5 Kg5 61. Be6 Kf6 62. Bg8 Ke5 63. Kg3 Ke4 64. Kf2 Kd3 65. Ke1 Kc2 66. Ke2 Kc3 67. Ke3 c4 68. Ke4 Kb4 1/2-1/2

[Event "Oberliga Ost-A 0809"]
[Site "Germany"]
[Date "2009.02.01"]
[Round "7.1"]
[White "Bores, Miroslav"]
[Black "Schuetze, Norman"]
[Result "1/2-1/2"]
[WhiteElo "2205"]
[BlackElo "2333"]
[PlyCount "106"]
[EventDate "2008.10.12"]
[EventType "team-tourn"]
[EventRounds "11"]
[EventCountry "GER"]
[SourceTitle "EXT 2010"]
[Source "ChessBase"]
[SourceDate "2010.11.25"]
[SourceVersion "1"]
[SourceVersionDate "2010.11.25"]
[SourceQuality "1"]
[WhiteTeam "Ebersbach"]
[BlackTeam "Loeberitz"]
[WhiteTeamCountry "GER"]
[BlackTeamCountry "GER"]

1. c4 Nf6 2. Nc3 c6 3. g3 d5 4. cxd5 cxd5 5. Bg2 Nc6 6. d3 e6 7. Bd2 Be7 8. Nh3 0-0 9. 0-0 e5 10. Rc1 h6 11. Na4 Bd7 12. Kh1 b6 13. f4 Rc8 14. fxe5 Nxe5 15. Rxc8 Qxc8 16. Nf2 d4 17. e3 dxe3 18. Bxe3 Bc6 19. Ne4 Nfg4 20. Bg1 Rd8 21. d4 Nc4 22. Qb3 Bxa4 23. Qxa4 Nce3 24. Rf3 Nxg2 25. Kxg2 Qb7 26. Qc2 Nf6 27. Nd2 Bb4 28. Nc4 Ne4 29. h4 Bd6 30. Bf2 Bb8 31. Qd3 Qd5 32. Ne3 Qxd4 33. Qb3 Qd7 34. Be1 Qb7 35. Nf5 Be5 36. Qb4 Nc5 37. Qg4 Kh7 38. Nxh6 gxh6 39. Qf5+ Kg8 40. Qxe5 Nd3 41. Qe3 Nxe1+ 42. Qxe1 Qd5 43. Qe7 Rc8 44. Qf6 Rc6 45. Qf4 Rc2+ 46. Kh3 Qe6+ 47. g4 Rc4 48. Qf5 Qxf5 49. Rxf5 Rc2 50. Rb5 Kg7 51. Kg3 Rc4 52. Rd5 Rc2 53. Rb5 Rc4 1/2-1/2

[Event "Oberliga Ost-A 0708"]
[Site "Germany"]
[Date "2008.04.19"]
[Round "10.1"]
[White "Bores, Miroslav"]
[Black "Dietze, Frank Heinz"]
[Result "1-0"]
[WhiteElo "2205"]
[BlackElo "2173"]
[PlyCount "55"]
[EventDate "2007.09.23"]
[EventType "team-tourn"]
[EventRounds "11"]
[EventCountry "GER"]
[SourceTitle "EXT 2009"]
[Source "ChessBase"]
[SourceDate "2008.11.26"]
[SourceVersion "1"]
[SourceVersionDate "2008.11.26"]
[SourceQuality "1"]
[WhiteTeam "Ebersbach"]
[BlackTeam "Halle USV II"]
[WhiteTeamCountry "GER"]
[BlackTeamCountry "GER"]

1. c4 Nf6 2. Nf3 e6 3. g3 b6 4. Bg2 Bb7 5. b3 c5 6. Bb2 Be7 7. 0-0 0-0 8. e3 d5 9. Ne5 Qc7 10. d4 Nbd7 11. Nxd7 Nxd7 12. cxd5 exd5 13. dxc5 bxc5 14. Bxd5 Rad8 15. Bxb7 Qxb7 16. Nd2 Bf6 17. Bxf6 Nxf6 18. Qf3 Qb4 19. Nc4 a5 20. Qc6 Rc8 21. Qb6 Qc3 22. Qxa5 Qc2 23. Qd2 Qg6 24. Rad1 Ne4 25. Qd3 f5 26. Nd6 Ng5 27. Qd5+ Kh8 28. Nxc8 1-0

[Event "Oberliga Ost-A 0708"]
[Site "Germany"]
[Date "2008.04.06"]
[Round "9.2"]
[White "Schuster, Martin"]
[Black "Bores, Miroslav"]
[Result "1-0"]
[WhiteElo "2262"]
[BlackElo "2205"]
[PlyCount "57"]
[EventDate "2007.09.23"]
[EventType "team-tourn"]
[EventRounds "11"]
[EventCountry "GER"]
[SourceTitle "EXT 2009"]
[Source "ChessBase"]
[SourceDate "2008.11.26"]
[SourceVersion "1"]
[SourceVersionDate "2008.11.26"]
[SourceQuality "1"]
[WhiteTeam "Loeberitz"]
[BlackTeam "Ebersbach"]
[WhiteTeamCountry "GER"]
[BlackTeamCountry "GER"]

1. d4 Nf6 2. c4 e6 3. Nf3 b6 4. g3 Ba6 5. Qc2 b5 6. cxb5 Bxb5 7. Bg2 Na6 8. Nc3 Nb4 9. Qd1 Bc6 10. 0-0 Be7 11. Re1 Nbd5 12. Ne5 Bb7 13. Bg5 0-0 14. Bxf6 gxf6 15. Nxd5 Bxd5 16. Bxd5 fxe5 17. Bxa8 Qxa8 18. dxe5 d5 19. exd6 cxd6 20. Rc1 d5 21. e4 Rd8 22. Qg4+ Kf8 23. exd5 Rxd5 24. Qe4 Qb8 25. Qxh7 Qxb2 26. Rb1 Qf6 27. Re4 Rf5 28. Rb8+ Bd8 29. Qh8+ 1-0

[Event "Oberliga Ost-A 0708"]
[Site "Germany"]
[Date "2008.03.09"]
[Round "8.1"]
[White "Feige, Manuel"]
[Black "Bores, Miroslav"]
[Result "1-0"]
[WhiteElo "2421"]
[BlackElo "2205"]
[PlyCount "81"]
[EventDate "2007.09.23"]
[EventType "team-tourn"]
[EventRounds "11"]
[EventCountry "GER"]
[SourceTitle "EXT 2009"]
[Source "ChessBase"]
[SourceDate "2008.11.26"]
[SourceVersion "1"]
[SourceVersionDate "2008.11.26"]
[SourceQuality "1"]
[WhiteTeam "Chemnitz"]
[BlackTeam "Ebersbach"]
[WhiteTeamCountry "GER"]
[BlackTeamCountry "GER"]

1. d4 Nf6 2. c4 e6 3. Nf3 b6 4. Nc3 Bb4 5. Qc2 0-0 6. a3 Bxc3+ 7. Qxc3 Bb7 8. g3 c5 9. Bg2 cxd4 10. Qxd4 Nc6 11. Qh4 Ne7 12. 0-0 Nf5 13. Qf4 d5 14. Rd1 Qe7 15. cxd5 Bxd5 16. Bd2 a5 17. Bc3 Bb3 18. Rd3 Bc2 19. Rd2 Nd5 20. Qg4 Nxc3 21. bxc3 Nh6 22. Qd4 Rad8 23. Qxb6 Rxd2 24. Nxd2 Rd8 25. Nf3 Nf5 26. Qxa5 Rc8 27. Nd4 Nxd4 28. cxd4 Qd7 29. e3 Ba4 30. h4 h6 31. Rb1 Bc6 32. Rc1 Bxg2 33. Rxc8+ Qxc8 34. Kxg2 Qc6+ 35. Kg1 Qc1+ 36. Kg2 Qc6+ 37. Kh2 Qc2 38. Qa8+ Kh7 39. Kg2 g5 40. hxg5 hxg5 41. a4 1-0

[Event "Oberliga Ost-A 0708"]
[Site "Germany"]
[Date "2008.01.19"]
[Round "6.1"]
[White "Andre, Gordon"]
[Black "Bores, Miroslav"]
[Result "1-0"]
[WhiteElo "2318"]
[BlackElo "2205"]
[PlyCount "115"]
[EventDate "2007.09.23"]
[EventType "team-tourn"]
[EventRounds "11"]
[EventCountry "GER"]
[SourceTitle "EXT 2009"]
[Source "ChessBase"]
[SourceDate "2008.11.26"]
[SourceVersion "1"]
[SourceVersionDate "2008.11.26"]
[SourceQuality "1"]
[WhiteTeam "Magdeburg Aufbau Elbe"]
[BlackTeam "Ebersbach"]
[WhiteTeamCountry "GER"]
[BlackTeamCountry "GER"]

1. d4 Nf6 2. c4 e6 3. Nf3 b6 4. Nc3 Bb4 5. Qb3 Bxc3+ 6. Qxc3 h6 7. g3 Bb7 8. Bg2 d6 9. 0-0 Qe7 10. b3 Nbd7 11. a4 c5 12. Bb2 a6 13. a5 b5 14. cxb5 axb5 15. dxc5 dxc5 16. Qd3 0-0 17. Qxb5 Ba6 18. Qa4 Rab8 19. Ne5 Nxe5 20. Bxe5 Rb5 21. Rfc1 Nd7 22. Bc3 Rc8 23. e3 Nb8 24. Rd1 h5 25. h4 Rd8 26. Bf3 Rc8 27. Bxh5 c4 28. Be2 Rxb3 29. Rac1 Qb7 30. Rd4 Rb1 31. Rxb1 Qxb1+ 32. Qd1 Qxd1+ 33. Rxd1 Nc6 34. Bf3 Rd8 35. Rxd8+ Nxd8 36. h5 f6 37. h6 Kh7 38. hxg7 Kxg7 39. Be4 Nf7 40. Bc6 Nd6 41. g4 Kf7 42. Bb4 Nb5 43. f4 Na7 44. Be4 Nb5 45. Kf2 Nc7 46. Ke1 Nd5 47. Bxd5 exd5 48. Kd2 Kg6 49. Kc3 Bc8 50. Kd4 Bxg4 51. Kxd5 Kf5 52. Kxc4 Ke4 53. Bd2 Be2+ 54. Kc5 f5 55. Bc1 Bf1 56. Kb6 Kd3 57. a6 Bg2 58. a7 1-0

[Event "CZE-chT1W 0607"]
[Site "Czech Republic"]
[Date "2007.03.04"]
[Round "9.6"]
[White "Bores, Miroslav"]
[Black "Groh, Jiri"]
[Result "0-1"]
[WhiteElo "2230"]
[BlackElo "2154"]
[PlyCount "154"]
[EventDate "2006.10.29"]
[EventType "team"]
[EventRounds "11"]
[EventCountry "CZE"]
[SourceTitle "EXT 2009"]
[Source "ChessBase"]
[SourceDate "2008.11.26"]
[SourceVersion "1"]
[SourceVersionDate "2008.11.26"]
[SourceQuality "1"]
[WhiteTeam "Novoborsky"]
[BlackTeam "Vysehrad II"]
[WhiteTeamCountry "CZE"]
[BlackTeamCountry "CZE"]

1. e4 c5 2. Nf3 Nc6 3. d4 cxd4 4. Nxd4 Nf6 5. Nc3 g6 6. Be3 Bg7 7. Bc4 0-0 8. Bb3 a5 9. a4 Ng4 10. Nxc6 Nxe3 11. Nxd8 Bxc3+ 12. bxc3 Nxd1 13. Nxf7 Nxf2 14. 0-0 e6 15. Nd6 Ng4 16. Rxf8+ Kxf8 17. Nc4 Ra6 18. Rd1 Rc6 19. Nxa5 Rxc3 20. Nc4 Ke7 21. Rd3 Rxd3 22. cxd3 d6 23. d4 Bd7 24. h3 Nf6 25. Nxd6 Kxd6 26. e5+ Ke7 27. exf6+ Kxf6 28. Kf2 b6 29. Ke3 g5 30. g3 h6 31. Bc2 Ke7 32. h4 Kf6 33. hxg5+ hxg5 34. Bd1 Bc6 35. g4 Ke7 36. Kd3 Bd5 37. Kc3 Kd6 38. Kb4 Bc6 39. Kc4 Be8 40. Bc2 Bf7 41. Kb5 Kc7 42. Kb4 Be8 43. Kc4 Bc6 44. Bd1 Kd6 45. Kc3 e5 46. Kd3 Bg2 47. Ke3 exd4+ 48. Kxd4 Bc6 49. Kc4 Ke5 50. Kb4 Bd7 51. a5 bxa5+ 52. Kxa5 Kf4 53. Kb4 Bxg4 54. Ba4 Bf5 55. Kc3 Ke3 56. Bd1 Be4 57. Bg4 Kf4 58. Be2 Bf3 59. Bf1 g4 60. Kd2 g3 61. Bh3 Bc6 62. Ke1 Bb5 63. Bg2 Bc4 64. Bc6 Ke3 65. Bg2 Bd3 66. Bh3 Kf3 67. Bf1 Bf5 68. Bb5 Kg2 69. Bc6+ Kg1 70. Ke2 Bh3 71. Kf3 Kh2 72. Ke3 Bg2 73. Bb5 Bd5 74. Bf1 Bc4 75. Bxc4 g2 76. Kd2 g1Q 77. Kc3 Kg3 0-1

[Event "CZE-chT1W 0607"]
[Site "Czech Republic"]
[Date "2007.01.07"]
[Round "5.7"]
[White "Adamek, Zdenek"]
[Black "Bores, Miroslav"]
[Result "1-0"]
[WhiteElo "2146"]
[BlackElo "2230"]
[PlyCount "109"]
[EventDate "2006.10.29"]
[EventType "team"]
[EventRounds "11"]
[EventCountry "CZE"]
[SourceTitle "EXT 2009"]
[Source "ChessBase"]
[SourceDate "2008.11.26"]
[SourceVersion "1"]
[SourceVersionDate "2008.11.26"]
[SourceQuality "1"]
[WhiteTeam "Praha Holdia"]
[BlackTeam "Novoborsky"]
[WhiteTeamCountry "CZE"]
[BlackTeamCountry "CZE"]

1. d4 Nf6 2. Nf3 e6 3. c4 b6 4. g3 Ba6 5. b3 c6 6. Bg2 d5 7. Ne5 Bb4+ 8. Bd2 Bxd2+ 9. Nxd2 0-0 10. 0-0 Ne8 11. Rc1 f6 12. Nd3 dxc4 13. Nxc4 Qxd4 14. Nb4 Qxd1 15. Rfxd1 Nc7 16. Rd6 e5 17. a4 Bxc4 18. Rxc4 b5 19. Rc1 bxa4 20. bxa4 a5 21. Nxc6 Ra6 22. Rcd1 Ne8 23. Ne7+ Kf7 24. Rxa6 Nxa6 25. Nc6 Nec7 26. Nxa5 Nc5 27. Nb7 N7a6 28. a5 Ke7 29. Nxc5 Nxc5 30. Rc1 Kd6 31. a6 e4 32. a7 Ra8 33. Ra1 Kc7 34. f3 f5 35. fxe4 fxe4 36. Kf2 Kb6 37. Ke3 Rxa7 38. Rxa7 Kxa7 39. Bxe4 h6 40. Kd4 Kb6 41. Kd5 Nb3 42. Kd6 g5 43. Bd5 Nd4 44. e4 h5 45. e5 Nf5+ 46. Kd7 h4 47. g4 Ne3 48. Bf3 Nc4 49. Ke6 Nd2 50. Bg2 h3 51. Bxh3 Nf3 52. Kf6 Kc7 53. e6 Kd6 54. e7 Kd7 55. Bg2 1-0

[Event "CZE-chT1W 0607"]
[Site "Czech Republic"]
[Date "2006.11.12"]
[Round "2.7"]
[White "Bores, Miroslav"]
[Black "Korinek, Ondrej"]
[Result "0-1"]
[WhiteElo "2230"]
[BlackElo "2217"]
[PlyCount "146"]
[EventDate "2006.10.29"]
[EventType "team"]
[EventRounds "11"]
[EventCountry "CZE"]
[SourceTitle "EXT 2009"]
[Source "ChessBase"]
[SourceDate "2008.11.26"]
[SourceVersion "1"]
[SourceVersionDate "2008.11.26"]
[SourceQuality "1"]
[WhiteTeam "Novoborsky"]
[BlackTeam "Hradec Kralove"]
[WhiteTeamCountry "CZE"]
[BlackTeamCountry "CZE"]

1. e4 c5 2. Nf3 d6 3. d4 cxd4 4. Nxd4 Nf6 5. Nc3 a6 6. Bc4 e6 7. Bb3 b5 8. Qe2 b4 9. Nd1 Be7 10. f4 0-0 11. Nf2 a5 12. Bc4 d5 13. Bd3 dxe4 14. Bxe4 Ba6 15. Nd3 Nxe4 16. Qxe4 Qb6 17. Nf3 Bb7 18. Qe2 Nd7 19. Be3 Qc7 20. 0-0 Nf6 21. Nfe5 Rac8 22. Rac1 Bd5 23. Bd4 Rfd8 24. Qe3 Rb8 25. Ba7 Rb7 26. c4 Bxg2 27. Kxg2 Rxa7 28. Rf3 Raa8 29. c5 Rd5 30. c6 Rad8 31. Rc4 g6 32. h3 Bf8 33. Rf2 Nh5 34. Nc5 Bxc5 35. Rxc5 Rxc5 36. Qxc5 Rd5 37. Qe3 Rd6 38. Rc2 f6 39. Nd3 Rxc6 40. Qxe6+ Rxe6 41. Rxc7 Re3 42. Nf2 Nxf4+ 43. Kf1 f5 44. h4 Nd3 45. Nxd3 Rxd3 46. h5 Rh3 47. hxg6 hxg6 48. Kg2 Rd3 49. Ra7 Rd2+ 50. Kf3 Rxb2 51. Rxa5 Kg7 52. Kf4 b3 53. axb3 Rxb3 54. Ra4 Rb1 55. Ra2 Rf1+ 56. Kg5 Rg1+ 57. Kf4 Rg4+ 58. Kf3 Kf6 59. Rb2 Ra4 60. Rb3 Kg5 61. Rc3 Rh4 62. Kg3 f4+ 63. Kg2 Kg4 64. Rc6 g5 65. Rc5 Rh7 66. Ra5 f3+ 67. Kg1 Rb7 68. Ra2 Kg3 69. Rg2+ Kf4 70. Ra2 g4 71. Ra4+ Kg3 72. Ra1 Rb2 73. Rc1 Rg2+ 0-1

[Event "Oberliga Ost-A 0506"]
[Site "Germany"]
[Date "2006.03.19"]
[Round "9.1"]
[White "Dietze, Frank Heinz"]
[Black "Bores, Miroslav"]
[Result "1/2-1/2"]
[WhiteElo "2137"]
[BlackElo "2221"]
[PlyCount "130"]
[EventDate "2005.11.13"]
[EventType "team-tourn"]
[EventRounds "11"]
[EventCountry "GER"]
[SourceTitle "EXT 2007"]
[Source "ChessBase"]
[SourceDate "2006.11.23"]
[SourceVersion "1"]
[SourceVersionDate "2006.11.23"]
[SourceQuality "1"]
[WhiteTeam "Halle USV II"]
[BlackTeam "Ebersbach"]
[WhiteTeamCountry "GER"]
[BlackTeamCountry "GER"]

1. d4 Nf6 2. Nf3 e6 3. c4 b6 4. a3 Ba6 5. Qc2 c6 6. Bg5 Be7 7. Nbd2 h6 8. Bh4 d5 9. e3 0-0 10. b4 dxc4 11. Bxc4 c5 12. bxc5 bxc5 13. 0-0 cxd4 14. Nxd4 Nd5 15. Bxd5 exd5 16. Bxe7 Qxe7 17. Rfc1 Nd7 18. Qa4 Nc5 19. Rxc5 Qxc5 20. Qxa6 Qc3 21. Rd1 Rab8 22. N2f3 Rfe8 23. h3 Qc5 24. Qd3 Rb2 25. a4 Qc4 26. Qf5 Qa2 27. Ne5 Rb7 28. Rc1 Rbe7 29. Nec6 Re4 30. a5 g6 31. Qd7 a6 32. Rd1 Kg7 33. Qb7 Qc4 34. Qb2 Kg8 35. Rc1 Qa4 36. Qb6 Qa3 37. Qc5 Qd3 38. Rf1 Qc4 39. Qxc4 dxc4 40. Rc1 f5 41. Rxc4 f4 42. exf4 Rxf4 43. Rc2 Re1+ 44. Kh2 Rf6 45. Rb2 h5 46. Nf3 Rf1 47. Nce5 Ra1 48. Nc4 Ra4 49. Nfe5 Rf4 50. Rb6 Kh7 51. Rxa6 Rfxc4 52. Nxc4 Rxc4 53. Rb6 Ra4 54. a6 Kh6 55. g3 Kg5 56. Kg2 Ra3 57. Kf1 Ra2 58. Kg1 Ra1+ 59. Kg2 Ra3 60. g4 h4 61. Rb5+ Kh6 62. g5+ Kh5 63. f4 Rxa6 64. Rb7 Ra2+ 65. Kf1 Rf2+ 1/2-1/2